00582nam a22001697a 450000500170000001000130001702000260003003500110005603700130006708200070008010000300008724500710011724600630018826000520025127000870030330000220039020190724160553.0 aUR-10274 c200.00a9789388736299 aU-8829 bDBAD/PUB aک aمحمد قمر سليم  aکچھ د ر د سو ا ہو تا ہے cمحمد قمر سليم  bKuch Dard Siwa Hota hai (Urdu)aby Muhammad Qamar Saleem  a DelhibEducational Publishing Housec2018 ء  a3191،Vakil Street,Kucha Pandit,Lal Kuan,bDelhie110006k23216162l00911123211540 a176 صc22 Cm(Hb)